01349nam a2200277 a 450000100100000000500170001000800410002704000250006808200210009310000290011424500420014326000460018530000360023150000630026750000420033050400650037258600990043760000410053665100640057765100620064191000390070304900090074295201780075195201250092999900170105400002839520240302073957.0110331s1937 dr a 000 0 spa d aDO-SdBNPbspacBNPHU a923.57293bG633I1 aInfiesta, Ramón95441810aMáximo Gómez /cRamón Infiesta. aLa Habana :bImprenta el Siglo XX,c1937. a252 p. :bil., retrs. ;c22 cm. aA la cabeza de la portada: Academia de la Historia de Cuba aIncluye notas al pie de las páginas aIncluye referencias bibliográficas e índice alfabético aObra premiada en el Concurso Extraordinario del Centenario del Nacimiento de Máximo Gómez.10aGómez, Máximo,d1836-1905912249 4aCubaxHistoriayGUERRA DE LOS DIEZ AÑOS, 1868-1878911018 4aCubaxHistoriayGUERRA DE INDEPENDENCIA, 1895-1898911019 aValidado. Control de calidad BNPHU aBNPD 001050718RVaPDbPDcHDd2011-04-08iLF1l0o923.57293 G633Ip28395-10r2020-06-25w2020-06-25y1zPerteneció a la biblioteca personal de Martínez Boog.ZNo se presta 001050718RVaPDbPDcHDd2011-09-26iLF1l0o923.57293 G633Ip28395-20r2020-06-25te. 2w2020-06-25y1ZNo se presta c27887d27887